000 01311cam a22002174a 4500
005 20250605163609.0
008 250528s ||||||||||||||||||||||||d
035 _a22456
020 _a9789602185506
040 _aGR-AtMCL
_bgre
_dGR-AtMCL
_eAACR2
245 1 _aΟΡΓΑΝΩΣΗ ΚΑΙ ΔΙΟΙΚΗΣΗ ΤΗΣ ΠΡΟΣΧΟΛΙΚΗΣ ΕΚΠΑΙΔΕΥΣΗΣ
250 _a1
260 _bΚριτική,
_c2007
300 _a172
505 0 _aΕΝΝΟΙΟΛΟΓΙΚΕΣ ΔΙΑΣΑΦΗΝΙΣΕΙΣ ΤΟ ΕΛΛΗΝΙΚΟ ΕΚΠΑΙΔΕΥΤΙΚΟ ΣΥΣΤΗΜΑ ΠΡΟΣΧΟΛΙΚΗ ΕΚΠΑΙΔΕΥΣΗ Η ΥΠΟΧΡΕΩΤΙΚΗ ΦΟΙΤΗΣΗ ΣΤΟ ΝΗΠΙΑΓΩΓΕΙΟ Η ΚΑΙΝΟΤΟΜΙΑ ΤΟΥ ΟΛΟΗΜΕΡΟΥ ΝΗΠΙΑΓΩΓΕΙΟΥ ΓΥΝΑΙΚΕΙΑ ΕΚΠΑΙΔΕΥΤΙΚΗ ΔΙΟΙΚΗΣΗ
520 _aΕΝΝΟΙΟΛΟΓΙΚΕΣ ΔΙΑΣΑΦΗΝΙΣΕΙΣ ΤΟ ΕΛΛΗΝΙΚΟ ΕΚΠΑΙΔΕΥΤΙΚΟ ΣΥΣΤΗΜΑ ΠΡΟΣΧΟΛΙΚΗ ΕΚΠΑΙΔΕΥΣΗ Η ΥΠΟΧΡΕΩΤΙΚΗ ΦΟΙΤΗΣΗ ΣΤΟ ΝΗΠΙΑΓΩΓΕΙΟ Η ΚΑΙΝΟΤΟΜΙΑ ΤΟΥ ΟΛΟΗΜΕΡΟΥ ΝΗΠΙΑΓΩΓΕΙΟΥ ΓΥΝΑΙΚΕΙΑ ΕΚΠΑΙΔΕΥΤΙΚΗ ΔΙΟΙΚΗΣΗ
700 1 _aΑργυροπουλου Ελευθερια
942 _cBK
999 _c7508
_d7508